L'Educació d'adults a la circumscripció de Barcelona /
Descripción Física:
179 pàgines ; 30 cm
Otros Autores:
Botey Vallès, Jaume, 1940-2018
Idioma:
Catalán
MARC
| LEADER | 00000nam a2200000 a 4500 | ||
|---|---|---|---|
| 001 | 26494 | ||
| 005 | 20260324181140.0 | ||
| 008 | 940118s1988 spc|||||| 000 ||cat|c | ||
| 043 | |a e-sp--- |b e-spc-- |2 catmarc | ||
| 080 | |a Bib-907 | ||
| 245 | 0 | 2 | |a L'Educació d'adults a la circumscripció de Barcelona / |c Jaume Botey [i 6 més] |
| 260 | |a Barcelona : |b Universitat Autònoma de Barcelona. Institut de Ciències de l'Educació, |c setembre de 1988 | ||
| 300 | |a 179 pàgines ; |c 30 cm | ||
| 500 | |a A la part superior de la coberta: Diputació de Barcelona | ||
| 650 | 0 | 0 | |a Educació d'adults |x Barcelona (Província) |2 Arxiu |9 50436 |
| 700 | 1 | |a Botey Vallès, Jaume, |d 1940-2018 |e autor |9 19 | |
| 710 | 1 | |a Universitat Autònoma de Barcelona. |9 54205 |b Institut de Ciències de l'Educació |e entitat editora | |
| 710 | 1 | |a Barcelona (Catalunya : Província). |b Diputació |e entitat editora |9 52408 | |
| 908 | |a UAB | ||
| 942 | |2 udc |c ARXIU |n 1 | ||
| 952 | |0 0 |1 0 |4 0 |6 BIB907 |7 1 |9 63485 |a Arxiu |b Arxiu |d 2022-08-18 |o Bib-907 |p 26494 |r 2022-08-18 00:00:00 |w 2022-08-18 |y ARXIU | ||
| 999 | |c 82602 |d 82602 | ||